000 00790nam a22002177a 4500
003 UA-OsUOA
001 125746
007 ta
008 20170925b un ||||| |||| 00| 0 ukr d
100 _aПопова Л.
090 _a81
_bП58
942 _cSA
040 _aUA-OsUOA
_bukr
_cUA-OsUOA
_dUA-OsUOA
245 _aМетод проектів на уроках української мови в старших класах: проблеми і перспективи оцінювання
300 _aС.50-54
955 _a0
041 _aukr
080 _a81
773 0 _w125743
_tУкраїнська мова і література в школі
_dК.
_d2017
_g4
650 7 _a8 Мовознавство. Художня література. Літературознавство
_2UDC
999 _c412981
_d412981